000 01243cam a2200217 4500
001 ABS62514
008 000000n2000 000 0 eng u
035 _a(Sirsi) u106420
245 _aFloyer-Acland and others v Osmond
260 _c2000
490 _aEstates Gazette
_v[2000] 22 EG 134-138(5)
520 _aCA 6 April 2000. Respondent tenant, O, held an agricultural tenancy from the appellant landlords, F. Clause 3 of the tenancy agreement allowed the landlords to search and remove sand and gravel from the land on giving not less than 3 months notice. The landlords were granted planning permission for the winning and working of sand and gravel. F then gave the tenant a notice to quit 43.4 acres of the agricultural holding. O sought an arbitrator's decision regarding the validity of the notice to quit. The recorder decided the notice to quit was invalid. F appealed and O cross-appealed. Appeal allowed; cross-appeal dismissed.
590 _aABS
650 _aFLOYER-ACLAND AND OTHERS V OSMOND
650 _aNOTICE TO QUIT
650 _aAGRICULTURAL TENANCY
650 _aMINERAL EXTRACTION
650 _aAGRICULTURAL HOLDINGS ACT 1986
690 _aLANDLORD AND TENANT-CASE LAW-AGRICULTURAL TENANCIES
942 _n0
999 _c63739
_d63739